| 000 | 00664nam a2200217 a 4500 | ||
|---|---|---|---|
| 001 | 000005847 | ||
| 005 | 20240530073911.0 | ||
| 008 | 090824s2009 dr ac 001 0 spa d | ||
| 020 | _a9789945408263 | ||
| 040 |
_aDO-SdBNP _bspa _cBNPHU |
||
| 082 |
_aRD863.44 _bA454m |
||
| 100 | 1 |
_aAlonso Reyes, Olmedo _916503 |
|
| 245 | 1 | 0 |
_aMarine way / _cOlmedo Alonso Reyes. |
| 260 |
_aSanto Domingo : _bArgos, _c2009. |
||
| 300 |
_a151 p. : _bil., retr. |
||
| 500 | _aIncluye índice | ||
| 500 | _aIncluye notas al pie de páginas | ||
| 500 | _aIncluye datos biográficos del autor en la solapa | ||
| 650 | 0 |
_aNovela dominicana _9223 |
|
| 650 | 0 |
_aLiteratura dominicana. _967 |
|
| 999 |
_c5643 _d5643 |
||